[Event "CZE-chT1W 1920"]
[Site "Czech Republic"]
[Date "2019.11.10"]
[Round "2.3"]
[White "Riha, Vojtech"]
[Black "Horak, Michal"]
[Result "0-1"]
[WhiteElo "2131"]
[BlackElo "2299"]
[PlyCount "72"]
[EventDate "2019.10.20"]
[EventType "team-tourn"]
[EventRounds "11"]
[EventCountry "CZE"]
[SourceTitle "CBM 193 Extra"]
[Source "ChessBase"]
[SourceDate "2020.01.31"]
[SourceVersion "1"]
[SourceVersionDate "2020.01.31"]
[SourceQuality "1"]
[WhiteTeam "Polabiny II"]
[BlackTeam "Neratovice"]
[WhiteTeamCountry "CZE"]
[BlackTeamCountry "CZE"]

1. e4 c5 2. b4 cxb4 3. a3 d6 4. axb4 Nf6 5. d3 g6 6. Be2 Bg7 7. c3 0-0 8. Nf3 b6 9. 0-0 Bb7 10. h3 Nbd7 11. Bb2 Qc7 12. c4 a5 13. bxa5 bxa5 14. Nc3 Rfb8 15. Qc2 Nc5 16. Rfe1 Ne6 17. Nb5 Qd8 18. Bf1 Bc6 19. d4 Nc7 20. e5 Nfe8 21. Nxc7 Qxc7 22. e6 f5 23. Ng5 Qb6 24. Rab1 Bxd4 25. Ba3 Qa7 26. Qd2 Nf6 27. Qf4 Be4 28. Rbd1 Rb3 29. Bc1 a4 30. c5 Qxc5 31. Nxe4 fxe4 32. h4 Rf8 33. Re2 Nh5 34. Qxe4 Bxf2+ 35. Kh2 Bg1+ 36. Kh1 Ng3# 0-1

[Event "CZE-chT2B 1819"]
[Site "Czech Republic"]
[Date "2019.02.24"]
[Round "9.1"]
[White "Musil, Miroslav"]
[Black "Horak, Michal"]
[Result "1/2-1/2"]
[WhiteElo "2053"]
[BlackElo "2338"]
[PlyCount "84"]
[EventDate "2018.10.14"]
[EventType "team-tourn"]
[EventRounds "11"]
[EventCountry "CZE"]
[SourceTitle "EXT 2022"]
[Source "ChessBase"]
[SourceDate "2021.10.06"]
[SourceVersion "1"]
[SourceVersionDate "2021.10.06"]
[SourceQuality "1"]
[WhiteTeam "Karlovy Vary Tietz II"]
[BlackTeam "Most Chess"]
[WhiteTeamCountry "CZE"]
[BlackTeamCountry "CZE"]

1. d4 Nf6 2. Nf3 g6 3. c4 Bg7 4. Nc3 0-0 5. e3 d6 6. h3 c5 7. Be2 Nc6 8. d5 Na5 9. Qc2 a6 10. a3 b6 11. 0-0 e6 12. e4 exd5 13. Nxd5 Nxd5 14. exd5 Bf5 15. Bd3 Bxd3 16. Qxd3 b5 17. Nd2 Rb8 18. Rb1 Qh4 19. cxb5 c4 20. Qe4 Qxe4 21. Nxe4 Rxb5 22. Nxd6 Rxd5 23. Ne4 Rb8 24. Bd2 Rxb2 25. Rxb2 Bxb2 26. Rb1 f5 27. Rxb2 fxe4 28. Rc2 Kf7 29. a4 c3 30. Be1 Rd4 31. Rxc3 Rxa4 32. Rc7+ Ke6 33. Rxh7 Ra1 34. Kf1 Nc4 35. Rc7 Ne5 36. Ke2 Ra2+ 37. Ke3 Kd5 38. Rc8 Nc4+ 39. Kf4 Re2 40. Rd8+ Kc5 41. Rc8+ Kd5 42. Rd8+ Kc5 1/2-1/2

[Event "CZE-chT2B 1819"]
[Site "Czech Republic"]
[Date "2018.11.18"]
[Round "3.1"]
[White "Horak, Michal"]
[Black "Rubes, Jan"]
[Result "1/2-1/2"]
[WhiteElo "2338"]
[BlackElo "2319"]
[PlyCount "55"]
[EventDate "2018.10.14"]
[EventType "team-tourn"]
[EventRounds "11"]
[EventCountry "CZE"]
[SourceTitle "EXT 2022"]
[Source "ChessBase"]
[SourceDate "2021.10.06"]
[SourceVersion "1"]
[SourceVersionDate "2021.10.06"]
[SourceQuality "1"]
[WhiteTeam "Most Chess"]
[BlackTeam "Teplice"]
[WhiteTeamCountry "CZE"]
[BlackTeamCountry "CZE"]

1. Nf3 Nf6 2. g3 d5 3. Bg2 e6 4. 0-0 Be7 5. d3 0-0 6. c4 c5 7. Nc3 d4 8. Na4 Nc6 9. a3 e5 10. Bd2 e4 11. Ne1 Bf5 12. Bg5 exd3 13. Nxd3 Nd7 14. Bxe7 Qxe7 15. b4 cxb4 16. Nxb4 Nxb4 17. axb4 Qxb4 18. Qxd4 Rac8 19. Qd5 Be6 20. Qxb7 Qxb7 21. Bxb7 Rxc4 22. Ba6 Rb4 23. Rfc1 g6 24. Nc5 Nxc5 25. Rxc5 Rd8 26. Rca5 Rd2 27. Bd3 Bc4 28. Bxc4 1/2-1/2

[Event "CZE-chT2B 1819"]
[Site "Czech Republic"]
[Date "2018.11.04"]
[Round "2.1"]
[White "Burdalev, Kirill"]
[Black "Horak, Michal"]
[Result "1/2-1/2"]
[WhiteElo "2356"]
[BlackElo "2338"]
[PlyCount "36"]
[EventDate "2018.10.14"]
[EventType "team-tourn"]
[EventRounds "11"]
[EventCountry "CZE"]
[SourceTitle "EXT 2022"]
[Source "ChessBase"]
[SourceDate "2021.10.06"]
[SourceVersion "1"]
[SourceVersionDate "2021.10.06"]
[SourceQuality "1"]
[WhiteTeam "Podborany"]
[BlackTeam "Most Chess"]
[WhiteTeamCountry "CZE"]
[BlackTeamCountry "CZE"]

1. Nf3 Nf6 2. d4 g6 3. Bg5 Bg7 4. Nbd2 0-0 5. c3 d6 6. e4 c5 7. dxc5 dxc5 8. Qc2 Nc6 9. Rd1 Qc7 10. Nc4 Be6 11. Ne3 Rad8 12. Rxd8 Rxd8 13. Bc4 Bxc4 14. Nxc4 Qd7 15. 0-0 Qe6 16. Bxf6 Qxc4 17. Bxg7 Kxg7 18. Qb1 Qd3 1/2-1/2

[Event "CZE-chT2A 1718"]
[Site "Czech Republic"]
[Date "2018.03.18"]
[Round "10"]
[White "Horak, Michal"]
[Black "Sharashenidze, Akaki"]
[Result "1/2-1/2"]
[WhiteElo "2324"]
[BlackElo "2350"]
[PlyCount "41"]
[EventDate "2017.10.15"]
[EventType "team-tourn"]
[EventRounds "11"]
[EventCountry "CZE"]
[SourceTitle "EXT 2022"]
[Source "ChessBase"]
[SourceDate "2021.10.06"]
[SourceVersion "1"]
[SourceVersionDate "2021.10.06"]
[SourceQuality "1"]
[WhiteTeam "Most Chess"]
[BlackTeam "Kozolupy"]
[WhiteTeamCountry "CZE"]
[BlackTeamCountry "CZE"]

1. Nf3 d5 2. g3 Nf6 3. Bg2 c5 4. 0-0 Nc6 5. d3 e6 6. c4 d4 7. e4 e5 8. h3 g6 9. Bd2 a5 10. Na3 Bg7 11. Qc1 0-0 12. Bh6 Ne8 13. Bxg7 Kxg7 14. Ne1 Nd6 15. Nb5 b6 16. f4 f6 17. Nxd6 Qxd6 18. a4 Ra7 19. Nf3 h6 20. Qd2 Raf7 21. Rae1 1/2-1/2

[Event "CZE-chT2A 1718"]
[Site "Czech Republic"]
[Date "2018.01.14"]
[Round "6.1"]
[White "Lorenc, Tomas"]
[Black "Horak, Michal"]
[Result "0-1"]
[WhiteElo "2222"]
[BlackElo "2324"]
[PlyCount "60"]
[EventDate "2017.10.15"]
[EventType "team-tourn"]
[EventRounds "11"]
[EventCountry "CZE"]
[SourceTitle "EXT 2022"]
[Source "ChessBase"]
[SourceDate "2021.10.06"]
[SourceVersion "1"]
[SourceVersionDate "2021.10.06"]
[SourceQuality "1"]
[WhiteTeam "Sokolov"]
[BlackTeam "Most Chess"]
[WhiteTeamCountry "CZE"]
[BlackTeamCountry "CZE"]

1. c4 Nf6 2. g3 g6 3. Bg2 Bg7 4. Nc3 0-0 5. d3 c5 6. Nf3 Nc6 7. 0-0 d6 8. a3 Bd7 9. Rb1 a5 10. Ne1 Qc8 11. Nd5 Nxd5 12. cxd5 Nd4 13. a4 b5 14. e3 Nf5 15. g4 Nh4 16. h3 bxa4 17. Bh1 Rb8 18. e4 h6 19. Be3 Rb3 20. f4 c4 21. Bf2 g5 22. Rc1 Rxb2 23. Rxc4 Qb8 24. e5 a3 25. Bd4 Rb1 26. Qc2 gxf4 27. e6 Bxd4+ 28. Rxd4 Qb6 29. Qf2 fxe6 30. dxe6 Rb2 0-1

[Event "CZE-chT2A 1718"]
[Site "Czech Republic"]
[Date "2017.11.19"]
[Round "3"]
[White "Horak, Michal"]
[Black "Slampa, Jan"]
[Result "1/2-1/2"]
[WhiteElo "2324"]
[BlackElo "2203"]
[PlyCount "92"]
[EventDate "2017.10.15"]
[EventType "team-tourn"]
[EventRounds "11"]
[EventCountry "CZE"]
[SourceTitle "EXT 2022"]
[Source "ChessBase"]
[SourceDate "2021.10.06"]
[SourceVersion "1"]
[SourceVersionDate "2021.10.06"]
[SourceQuality "1"]
[WhiteTeam "Most Chess"]
[BlackTeam "Udlice"]
[WhiteTeamCountry "CZE"]
[BlackTeamCountry "CZE"]

1. Nf3 Nf6 2. g3 g6 3. Bg2 Bg7 4. 0-0 0-0 5. c4 c6 6. Nc3 d5 7. d3 Nbd7 8. Qc2 a6 9. e4 dxc4 10. dxc4 Qc7 11. h3 Re8 12. Be3 b6 13. Rad1 e5 14. b4 Bf8 15. Qb3 Bb7 16. Ne1 Rad8 17. Nd3 Nh5 18. c5 b5 19. Ne2 Bg7 20. g4 Nhf6 21. f4 Bc8 22. Ng3 Rf8 23. g5 Ne8 24. f5 a5 25. a3 a4 26. Qa2 Bh8 27. f6 Ndxf6 28. gxf6 Bxf6 29. Rxf6 Nxf6 30. Bg5 Be6 31. Qb2 Nd7 32. Bxd8 Rxd8 33. Qc3 Bb3 34. Rd2 Nf8 35. Nf2 Ne6 36. Ng4 Rxd2 37. Qxd2 Qe7 38. Nxe5 Nxc5 39. Nxc6 Qc7 40. Qd8+ Qxd8 41. Nxd8 Nd3 42. Bf1 Nxb4 43. Bxb5 Nc2 44. Nc6 Nxa3 45. Nd4 Nxb5 46. Nxb5 f5 1/2-1/2

[Event "EU-chT Railways USIC"]
[Site "Korenov"]
[Date "2017.10.11"]
[Round "3.1"]
[White "Horak, Michal"]
[Black "Bolt, Graham"]
[Result "1-0"]
[WhiteElo "2324"]
[BlackElo "2094"]
[PlyCount "78"]
[EventDate "2017.10.10"]
[EventType "team-tourn"]
[EventRounds "5"]
[EventCountry "CZE"]
[SourceTitle "CBM 181 Extra"]
[Source "ChessBase"]
[SourceDate "2017.12.12"]
[SourceVersion "1"]
[SourceVersionDate "2017.12.12"]
[SourceQuality "1"]
[WhiteTeam "Czech Republic"]
[BlackTeam "Great Britain"]
[WhiteTeamCountry "CZE"]
[BlackTeamCountry "GBR"]

1. Nf3 g6 2. g3 Bg7 3. Bg2 d5 4. 0-0 Nf6 5. d3 0-0 6. c4 dxc4 7. dxc4 Qxd1 8. Rxd1 Na6 9. Nc3 c6 10. Be3 Ng4 11. Bg5 Nf6 12. Nd4 Bd7 13. Nb3 Be6 14. Na5 Rac8 15. b3 h6 16. Bd2 Rc7 17. Rac1 g5 18. Be3 Ra8 19. Nxb7 Rxb7 20. Bxc6 Rab8 21. Bxb7 Rxb7 22. Rd8+ Kh7 23. Ra8 Nb4 24. Rxa7 Rxa7 25. Bxa7 Nd7 26. a3 Nc6 27. Be3 Na5 28. Na4 Nxb3 29. Rd1 Ne5 30. c5 Na5 31. Nb6 Nec6 32. Bd2 Nc4 33. Nxc4 Bxc4 34. e3 Ne5 35. Bc3 e6 36. Bxe5 Bxe5 37. f4 gxf4 38. gxf4 Bf6 39. c6 Ba6 1-0

[Event "CZE-chT2B 1617"]
[Site "Czech Republic"]
[Date "2017.01.15"]
[Round "6.1"]
[White "Voloshin, Leonid"]
[Black "Horak, Michal"]
[Result "1/2-1/2"]
[WhiteElo "2406"]
[BlackElo "2326"]
[PlyCount "33"]
[EventDate "2016.10.09"]
[EventType "team-tourn"]
[EventRounds "11"]
[EventCountry "CZE"]
[SourceTitle "EXT 2022"]
[Source "ChessBase"]
[SourceDate "2021.10.06"]
[SourceVersion "1"]
[SourceVersionDate "2021.10.06"]
[SourceQuality "1"]
[WhiteTeam "Jicin IV"]
[BlackTeam "Most Chess"]
[WhiteTeamCountry "CZE"]
[BlackTeamCountry "CZE"]

1. e4 c5 2. Nf3 Nc6 3. Bb5 g6 4. 0-0 Bg7 5. Bxc6 dxc6 6. h3 Nf6 7. d3 0-0 8. Nc3 b5 9. e5 Nd5 10. Ne4 c4 11. d4 f6 12. Re1 Bf5 13. Ng3 fxe5 14. dxe5 Qb6 15. Qe2 c3 16. Nxf5 Rxf5 17. bxc3 1/2-1/2

[Event "CZE-chT2B 1516"]
[Site "Czech Republic"]
[Date "2015.11.08"]
[Round "2.2"]
[White "Anaskin, Arsenij"]
[Black "Horak, Michal"]
[Result "0-1"]
[WhiteElo "2139"]
[BlackElo "2330"]
[PlyCount "62"]
[EventDate "2015.10.18"]
[EventType "team-tourn"]
[EventRounds "11"]
[EventCountry "CZE"]
[SourceTitle "EXT 2022"]
[Source "ChessBase"]
[SourceDate "2021.10.06"]
[SourceVersion "1"]
[SourceVersionDate "2021.10.06"]
[SourceQuality "1"]
[WhiteTeam "Jicin III"]
[BlackTeam "Most Chess"]
[WhiteTeamCountry "CZE"]
[BlackTeamCountry "CZE"]

1. e4 c5 2. Nf3 g6 3. d4 Bg7 4. Nc3 cxd4 5. Nxd4 Nc6 6. Nde2 Nf6 7. g3 d6 8. Bg2 0-0 9. 0-0 Bd7 10. h3 a6 11. a4 Rb8 12. Be3 b5 13. axb5 axb5 14. Nd4 Ne5 15. b3 Qc8 16. Qd2 Bxh3 17. Ncxb5 Bxg2 18. Kxg2 Nxe4 19. Qe1 Nf6 20. Ra7 Rxb5 21. Nxb5 Qc6+ 22. f3 Qxb5 23. Rxe7 Rc8 24. c4 Qxb3 25. Bd4 Bf8 26. f4 Neg4 27. Re2 Rxc4 28. Rf3 Qa4 29. Bb2 Rc2 30. Ra3 Qe4+ 31. Kf1 Qh1# 0-1

[Event "CZE-chT2B 1516"]
[Site "Czech Republic"]
[Date "2015.10.18"]
[Round "1.2"]
[White "Horak, Michal"]
[Black "Kozak, Milos"]
[Result "1-0"]
[WhiteElo "2330"]
[BlackElo "2147"]
[PlyCount "45"]
[EventDate "2015.10.18"]
[EventType "team-tourn"]
[EventRounds "11"]
[EventCountry "CZE"]
[SourceTitle "EXT 2022"]
[Source "ChessBase"]
[SourceDate "2021.10.06"]
[SourceVersion "1"]
[SourceVersionDate "2021.10.06"]
[SourceQuality "1"]
[WhiteTeam "Most Chess"]
[BlackTeam "Litomerice"]
[WhiteTeamCountry "CZE"]
[BlackTeamCountry "CZE"]

1. e4 e5 2. Bc4 Nc6 3. Nf3 Bc5 4. c3 Nf6 5. Qe2 0-0 6. Bb3 d5 7. d3 a5 8. Bg5 dxe4 9. dxe4 h6 10. Bh4 Qd6 11. Nbd2 Nh5 12. Nc4 Qg6 13. Ncxe5 Nxe5 14. Nxe5 Qxg2 15. 0-0-0 Nf4 16. Qd2 g5 17. Rhg1 Qxe4 18. Bxg5 hxg5 19. Rxg5+ Kh8 20. Bc2 Ne2+ 21. Kb1 Qh4 22. Nf3 Qh6 23. Rg8+ 1-0

[Event "CZE-chT2B 1314"]
[Site "Czech Republic"]
[Date "2014.01.19"]
[Round "6.2"]
[White "Jenicek, Emil"]
[Black "Horak, Michal"]
[Result "0-1"]
[WhiteElo "2132"]
[BlackElo "2307"]
[PlyCount "62"]
[EventDate "2013.11.03"]
[EventType "team-tourn"]
[EventRounds "11"]
[EventCountry "CZE"]
[SourceTitle "EXT 2015"]
[Source "ChessBase"]
[SourceDate "2014.11.20"]
[SourceVersion "1"]
[SourceVersionDate "2014.11.20"]
[SourceQuality "1"]
[WhiteTeam "Litvinov Lom"]
[BlackTeam "Most Chess"]
[WhiteTeamCountry "CZE"]
[BlackTeamCountry "CZE"]

1. Nf3 Nf6 2. c4 g6 3. Nc3 Bg7 4. e4 d6 5. d4 0-0 6. Be2 c5 7. 0-0 Nc6 8. d5 Na5 9. Qc2 a6 10. Bd2 Bg4 11. Nd1 Bxf3 12. Bxf3 b5 13. Ne3 Nd7 14. Be2 Rb8 15. Bc3 Bxc3 16. Qxc3 bxc4 17. Bxc4 Nxc4 18. Nxc4 Nb6 19. b3 Nxc4 20. Qxc4 a5 21. Rfe1 Rb4 22. Qc3 a4 23. Rad1 axb3 24. axb3 Qb6 25. Rd3 f6 26. g3 Ra8 27. Kg2 Ra3 28. Ree3 c4 29. Qc1 cxd3 30. Qxa3 d2 31. Rd3 Rd4 0-1

[Event "CZE-chT2A 1213"]
[Site "Czech Republic"]
[Date "2013.01.20"]
[Round "7.1"]
[White "Horak, Michal"]
[Black "Klement, Lukas"]
[Result "1/2-1/2"]
[WhiteElo "2291"]
[BlackElo "2262"]
[PlyCount "94"]
[EventDate "2012.10.14"]
[EventType "team-tourn"]
[EventRounds "11"]
[EventCountry "CZE"]
[SourceTitle "EXT 2015"]
[Source "ChessBase"]
[SourceDate "2014.11.20"]
[SourceVersion "1"]
[SourceVersionDate "2014.11.20"]
[SourceQuality "1"]
[WhiteTeam "Most Chess"]
[BlackTeam "Teplice"]
[WhiteTeamCountry "CZE"]
[BlackTeamCountry "CZE"]

1. e4 c5 2. Nc3 Nc6 3. g3 e6 4. Bg2 a6 5. d3 b5 6. f4 b4 7. Nce2 d5 8. e5 Bb7 9. Nf3 h5 10. f5 exf5 11. e6 fxe6 12. Nf4 Qf6 13. 0-0 0-0-0 14. h4 e5 15. Nh3 Qd6 16. Nfg5 Qd7 17. c3 Nf6 18. cxb4 cxb4 19. Be3 d4 20. Bd2 Kb8 21. Qb3 Na5 22. Qe6 Bxg2 23. Kxg2 Bd6 24. Rxf5 Rhe8 25. Qxd7 Rxd7 26. Rc1 Rc7 27. Rxc7 Kxc7 28. Nf2 Nb7 29. Nfe4 Nxe4 30. Nxe4 Nc5 31. Nxc5 Bxc5 32. Rxh5 Kc6 33. Rg5 e4 34. dxe4 Rxe4 35. Kf3 Re7 36. Bf4 b3 37. axb3 Rb7 38. Ke4 Rxb3 39. Rxg7 Rxb2 40. h5 Re2+ 41. Kd3 Rh2 42. h6 Kd5 43. h7 Bf8 44. Rg5+ Ke6 45. Rg6+ Kf7 46. Rh6 Rxh6 47. Bxh6 Bg7 1/2-1/2

[Event "CZE-chT2A 1213"]
[Site "Czech Republic"]
[Date "2012.12.02"]
[Round "4.1"]
[White "Michalek, Jan"]
[Black "Horak, Michal"]
[Result "1/2-1/2"]
[WhiteElo "2308"]
[BlackElo "2291"]
[PlyCount "31"]
[EventDate "2012.10.14"]
[EventType "team-tourn"]
[EventRounds "11"]
[EventCountry "CZE"]
[SourceTitle "EXT 2015"]
[Source "ChessBase"]
[SourceDate "2014.11.20"]
[SourceVersion "1"]
[SourceVersionDate "2014.11.20"]
[SourceQuality "1"]
[WhiteTeam "Kozolupy"]
[BlackTeam "Most Chess"]
[WhiteTeamCountry "CZE"]
[BlackTeamCountry "CZE"]

1. e4 c5 2. Nf3 g6 3. d4 Bg7 4. c4 cxd4 5. Nxd4 Nc6 6. Be3 d6 7. Nc3 Nf6 8. Be2 0-0 9. 0-0 Bd7 10. Qd2 a6 11. f3 Qa5 12. Rfd1 Rfc8 13. Rab1 Ne5 14. b3 b5 15. Nd5 Qxd2 16. Rxd2 1/2-1/2

[Event "CZE-chT2B 1112"]
[Site "Czech Republic"]
[Date "2012.01.22"]
[Round "6.1"]
[White "Horak, Michal"]
[Black "Elias, Miroslav"]
[Result "1-0"]
[WhiteElo "2266"]
[BlackElo "2127"]
[PlyCount "105"]
[EventDate "2011.10.09"]
[EventType "team-tourn"]
[EventRounds "11"]
[EventCountry "CZE"]
[SourceTitle "EXT 2013"]
[Source "ChessBase"]
[SourceDate "2012.11.22"]
[SourceVersion "1"]
[SourceVersionDate "2012.11.22"]
[SourceQuality "1"]
[WhiteTeam "Most Chess"]
[BlackTeam "Sokolov"]
[WhiteTeamCountry "CZE"]
[BlackTeamCountry "CZE"]

1. e4 e5 2. Bc4 Nf6 3. Qe2 Nc6 4. Nf3 Be7 5. c3 d6 6. Bb3 0-0 7. d3 Be6 8. Bc2 Nd7 9. h3 f5 10. Nbd2 Nb6 11. Nf1 fxe4 12. dxe4 Bc4 13. Bb3 d5 14. Bxc4 Nxc4 15. Ng3 Nb6 16. exd5 Qxd5 17. 0-0 Qc4 18. Re1 Bf6 19. Be3 Rad8 20. Bxb6 Qxe2 21. Rxe2 axb6 22. Rae1 Rd5 23. Nf1 Rfd8 24. Ne3 Ra5 25. a3 e4 26. Nd2 Ra4 27. Ng4 Na5 28. Nxf6+ gxf6 29. Nxe4 Kf7 30. Ng3 Nc6 31. Nf5 Ra5 32. g4 Rd7 33. f4 Rad5 34. Kf2 Rd3 35. Re3 Rd2+ 36. R1e2 Rd1 37. Ng3 Na5 38. Nh5 Nc4 39. Re4 b5 40. a4 c6 41. axb5 cxb5 42. b3 Na5 43. Re6 R1d6 44. f5 Nxb3 45. Nxf6 Rd8 46. Nxh7 Rxe6 47. Rxe6 Nc5 48. Ng5+ Kf8 49. Rb6 Rd2+ 50. Kg3 Rb2 51. Kh4 Rb3 52. Kh5 Ke7 53. f6+ 1-0

[Event "CZE-chT2B 1011"]
[Site "Czech Republic"]
[Date "2011.03.27"]
[Round "10.2"]
[White "Horak, Michal"]
[Black "Ralis, Petr"]
[Result "1-0"]
[WhiteElo "2236"]
[BlackElo "2261"]
[PlyCount "120"]
[EventDate "2010.10.17"]
[EventType "team-tourn"]
[EventRounds "11"]
[EventCountry "CZE"]
[SourceTitle "EXT 2012"]
[Source "ChessBase"]
[SourceDate "2011.11.24"]
[SourceVersion "1"]
[SourceVersionDate "2011.11.24"]
[SourceQuality "1"]
[WhiteTeam "Marty Most"]
[BlackTeam "Podborany"]
[WhiteTeamCountry "CZE"]
[BlackTeamCountry "CZE"]

1. e4 c5 2. Nc3 Nc6 3. g3 g6 4. Bg2 Bg7 5. d3 d6 6. f4 Nf6 7. Nf3 0-0 8. 0-0 Rb8 9. h3 b5 10. g4 b4 11. Ne2 a5 12. Ng3 Qb6 13. g5 Nd7 14. Rb1 c4+ 15. Kh2 cxd3 16. cxd3 Ba6 17. b3 Nc5 18. Ne1 Nd4 19. Bb2 Qb5 20. Bxd4 Bxd4 21. Rf3 Rbc8 22. Nc2 Bg7 23. Bf1 Qc6 24. Ne3 Ne6 25. h4 f6 26. Bh3 Nd4 27. Rf2 Rce8 28. Nd5 fxg5 29. hxg5 e6 30. Rc1 Qb7 31. Nc7 Re7 32. Nxa6 Qxa6 33. Ne2 d5 34. Ng3 Ref7 35. Qd2 Qd6 36. Rcf1 Rc7 37. e5 Qe7 38. Qe3 Qc5 39. Bg4 Nf5 40. Qxc5 Rxc5 41. Bxf5 gxf5 42. Kg2 Rc3 43. Rd1 Rfc8 44. Ne2 Rc2 45. Nd4 Rxf2+ 46. Kxf2 Bf8 47. Ke2 a4 48. Nxe6 axb3 49. axb3 Rc3 50. Nd4 Bc5 51. Nxf5 Rxb3 52. Rc1 Rc3 53. Rxc3 bxc3 54. d4 Ba3 55. Kd3 Bc1 56. Ne7+ Kf7 57. Nxd5 Ke6 58. Ke4 c2 59. f5+ Kd7 60. Nb4 Bxg5 1-0

[Event "CZE-chT2B 1011"]
[Site "Czech Republic"]
[Date "2011.02.20"]
[Round "8.2"]
[White "Horak, Michal"]
[Black "Simek, Petr"]
[Result "1-0"]
[WhiteElo "2236"]
[BlackElo "2302"]
[PlyCount "57"]
[EventDate "2010.10.17"]
[EventType "team-tourn"]
[EventRounds "11"]
[EventCountry "CZE"]
[SourceTitle "EXT 2012"]
[Source "ChessBase"]
[SourceDate "2011.11.24"]
[SourceVersion "1"]
[SourceVersionDate "2011.11.24"]
[SourceQuality "1"]
[WhiteTeam "Marty Most"]
[BlackTeam "Postovni sporitelna II"]
[WhiteTeamCountry "CZE"]
[BlackTeamCountry "CZE"]

1. e4 c5 2. Nc3 Nc6 3. g3 g6 4. Bg2 Bg7 5. d3 d6 6. f4 e6 7. Nf3 Nge7 8. 0-0 0-0 9. Ne2 Rb8 10. g4 f5 11. gxf5 exf5 12. Ng3 d5 13. e5 d4 14. c4 Qd7 15. h4 h5 16. Ng5 Bh6 17. Nh3 Kh7 18. a3 Nd8 19. b4 Ne6 20. bxc5 Nxc5 21. a4 b6 22. a5 Bb7 23. axb6 axb6 24. Rf2 Ra8 25. Rb1 Ra6 26. Bxb7 Qxb7 27. Nxh5 gxh5 28. Qxh5 Rg8+ 29. Ng5+ 1-0

[Event "CZE-chT2B 1011"]
[Site "Czech Republic"]
[Date "2011.02.06"]
[Round "7.2"]
[White "Prudek, Jiri"]
[Black "Horak, Michal"]
[Result "0-1"]
[WhiteElo "2097"]
[BlackElo "2236"]
[PlyCount "88"]
[EventDate "2010.10.17"]
[EventType "team-tourn"]
[EventRounds "11"]
[EventCountry "CZE"]
[SourceTitle "EXT 2012"]
[Source "ChessBase"]
[SourceDate "2011.11.24"]
[SourceVersion "1"]
[SourceVersionDate "2011.11.24"]
[SourceQuality "1"]
[WhiteTeam "Lipa"]
[BlackTeam "Marty Most"]
[WhiteTeamCountry "CZE"]
[BlackTeamCountry "CZE"]

1. e4 c5 2. f4 Nc6 3. Nf3 g6 4. c3 Bg7 5. Na3 d6 6. Nc4 Nf6 7. d3 0-0 8. Be2 b5 9. Ne3 a5 10. 0-0 a4 11. Bd2 c4 12. Nd5 Nxd5 13. exd5 Qb6+ 14. d4 Na5 15. Ne1 b4 16. cxb4 Qxd4+ 17. Kh1 a3 18. Bc3 Qxd1 19. Rxd1 axb2 20. Bxg7 Kxg7 21. bxa5 Bf5 22. Bxc4 b1Q 23. Rxb1 Bxb1 24. Nf3 Rfc8 25. Bb3 Bc2 26. Nd4 Bxb3 27. Nxb3 Rc2 28. Ra1 h5 29. Kg1 h4 30. h3 Kf6 31. Kh2 Rf2 32. Kg1 Rxf4 33. Rc1 Ra7 34. Rc2 Ke5 35. Rd2 e6 36. dxe6 fxe6 37. Rc2 d5 38. Rc8 Raf7 39. a6 Ra4 40. Nc5 Rxa2 41. Rc6 d4 42. Nd3+ Ke4 43. Nb4 Ra1+ 44. Kh2 Rff1 0-1

[Event "CZE-chT2B 0910"]
[Site "Czech Republic"]
[Date "2010.01.31"]
[Round "6.8"]
[White "Hajsman, Ladislav"]
[Black "Horak, Michal"]
[Result "0-1"]
[WhiteElo "1788"]
[BlackElo "2255"]
[PlyCount "56"]
[EventDate "2009.10.18"]
[EventType "team-tourn"]
[EventRounds "11"]
[EventCountry "CZE"]
[SourceTitle "EXT 2012"]
[Source "ChessBase"]
[SourceDate "2011.11.24"]
[SourceVersion "1"]
[SourceVersionDate "2011.11.24"]
[SourceQuality "1"]
[WhiteTeam "Karlovy Vary II"]
[BlackTeam "Litvinov Lom"]
[WhiteTeamCountry "CZE"]
[BlackTeamCountry "CZE"]

1. d4 Nf6 2. c4 g6 3. Nc3 Bg7 4. e4 d6 5. Nf3 0-0 6. Be2 c5 7. d5 b5 8. cxb5 a6 9. 0-0 axb5 10. Bxb5 Ba6 11. Re1 Qb6 12. Bxa6 Nxa6 13. Bg5 Qxb2 14. Rc1 h6 15. Bxf6 Bxf6 16. e5 Bg7 17. Re3 Nb4 18. a4 Na2 19. Rc2 Nxc3 20. Rexc3 Qb4 21. Rc4 Qb3 22. exd6 exd6 23. Rc1 Rfb8 24. Qc2 Qxc2 25. R1xc2 Rxa4 26. g3 Rxc4 27. Rxc4 Rb1+ 28. Kg2 Rd1 0-1

[Event "Landesliga Nord 0809"]
[Site "Bayern"]
[Date "2008.11.30"]
[Round "3.2"]
[White "Horak, Michal"]
[Black "Haag, Wolfgang"]
[Result "1-0"]
[WhiteElo "2286"]
[BlackElo "2160"]
[PlyCount "79"]
[EventDate "2008.10.05"]
[EventType "team-tourn"]
[EventRounds "9"]
[EventCountry "GER"]
[SourceTitle "EXT 2020"]
[Source "ChessBase"]
[SourceDate "2019.10.17"]
[SourceVersion "1"]
[SourceVersionDate "2019.10.17"]
[SourceQuality "1"]
[WhiteTeam "Erlangen SC"]
[BlackTeam "Schweinfurt"]
[WhiteTeamCountry "GER"]
[BlackTeamCountry "GER"]

1. Nf3 Nf6 2. g3 g6 3. Bg2 Bg7 4. 0-0 0-0 5. c4 d6 6. Nc3 e5 7. d3 Nc6 8. Rb1 a5 9. a3 Bd7 10. b4 axb4 11. axb4 Qc8 12. Bg5 Re8 13. b5 Nd4 14. Nd2 Bh3 15. Bxh3 Qxh3 16. Bxf6 Bxf6 17. e3 Ne6 18. Qf3 Qf5 19. Qxb7 Qxd3 20. Nde4 Bg7 21. Qd5 Qxd5 22. cxd5 Nf8 23. b6 f5 24. b7 Rab8 25. Nd2 Nd7 26. Na4 e4 27. Rfc1 Nf6 28. Rxc7 Nxd5 29. Rc6 Bf8 30. Nc4 Red8 31. Na5 Ne7 32. Rc7 Nd5 33. Nc6 Nxc7 34. Nxd8 Rxd8 35. b8Q Rxb8 36. Rxb8 Ne6 37. Nb6 Nc5 38. Rd8 Kf7 39. Nc8 Be7 40. Rh8 1-0